000 02079nam a22001577a 4500
999 _c525491
_d525491
008 240306b ||||| |||| 00| 0 eng d
100 _aBhadury, Samir and Yaluk, Khyoda
_950272
245 _aJudicial activism: An instrument for women’s emancipation in India
260 _aBihar Journal of Public Administration
300 _a20(2), Jul-Dec, 2023: p.403-412
520 _aWomen have been subjected to all forms of indignities, inequalities and discrimination and they are subjected to most of the heinous crimes. The patriarchal system has placed men in a superior mind-set.Efforts, strategies, laws and processes rise by women to liberate themselves from the reign of men and traditional dominance as well as to secure their status in all fields to have acceptable human behaviour. The sex ratio in India is 940/1000 (Census 2011) mainly due to the male child preference over females.The constitution of India empowers the state to make affirmative measures for women's empowerment. When the existing laws fail to provide justice, the judiciary plays a proactive role in delivering justice by applying the principles of equity and good conscience. In the late 1980’s onwards the Supreme Court in India became a torch bearer in the elimination of all kinds of discrimination and crime against women through judicial activism in the landmark judgement of Nargesh Meerza and another landmark case Vishakha case of 1977 where in absence of legislative laws, the Supreme Court of India passed guidelines for women in the workplace. The court also recognised live-in Relationships as the right to live under Article 21. These changing norms are possible due to the proactive role of the Indian judiciary. In this paper, we shall study the legal developments in favour of women and the role of the judiciary in upholding the rights, interests, liberty and dignity of women in India. – Reproduced http://www.iipabiharbranch.org/
650 _aWomen Article 21
_950273
773 _aBihar Journal of Public Administration
906 _aJUDICIARY
942 _cAR